书目信息 |
| 题名: |
电视机维修技术
|
|
| 作者: | 沈大林...[等] 编著 | |
| 分册: | ||
| 出版信息: | 北京 科学出版社 1999.2 |
|
| 页数: | 278页 | |
| 开本: | 16开 | |
| 丛书名: | 家电精修技术丛书 | |
| 单 册: | ||
| 中图分类: | TN949.7 | |
| 科图分类: | ||
| 主题词: | 电视接收机--维修 | |
| 电子资源: | ||
| ISBN: | 7-03-006757-6 | |
| 000 | 00646nam0 2200217 45 | |
| 001 | 0103260907 | |
| 005 | 20031219104049.2 | |
| 010 | @a7-03-006757-6@dCNY29.00 | |
| 100 | @a20010326d1999 km y0chiy0120 ea | |
| 101 | 0 | @achi |
| 105 | @a z 000yy | |
| 200 | 1 | @a电视机维修技术@ADian Shi Ji Wei Xiu Ji Shu@f沈大林...[等]编著@FShen Da Lin...[Deng]Bian Zhu |
| 210 | @a北京@c科学出版社@d1999.2 | |
| 215 | @a278页@d16开 | |
| 225 | @a家电精修技术丛书 | |
| 410 | @12001 @a家电精修技术丛书 | |
| 606 | 0 | @a电视接收机@x维修 |
| 690 | @aTN949.7@v1 | |
| 701 | 0 | @a沈大林...[等]@4编著 |
| 801 | @aCN@bTSTC@c20010326 | |
| 905 | @b296003-007@dTN949.7@e181@f5 | |
| 电视机维修技术/沈大林...[等]编著.-北京:科学出版社,1999.2 |
| 278页;16开.-(家电精修技术丛书) |
| ISBN 7-03-006757-6:CNY29.00 |
| ● |
| 相关链接 |
|
|
|
|
正题名:电视机维修技术
索取号:TN949.7/181
 
预约/预借
| 序号 | 登录号 | 条形码 | 馆藏地/架位号 | 状态 | 备注 |
| 1 | 0296003 | 002960031 | 第三借阅区/ [索取号:TN949.7/181] | 在馆 | |
| 2 | 0296004 | 002960040 | 第三借阅区/ [索取号:TN949.7/181] | 在馆 | |
| 3 | 0296005 | 002960059 | 第三借阅区/ [索取号:TN949.7/181] | 在馆 | |
| 4 | 0296006 | 002960068 | 第三借阅区/ [索取号:TN949.7/181] | 在馆 | |
| 5 | 0296007 | 002960077 | 第二样本阅览室/ [索取号:TN949.7/181] | 在馆 |